| Tag |
First Indicator |
Second Indicator |
Subfields |
| LEADER |
00000cam a2200000Ka 4500 |
| 001 |
in00002040821 |
| 005 |
20151101054617.0 |
| 008 |
990621r1960uuuunyua 000 0 eng d |
| 035 |
|
|
|a (OCoLC)ocm41579738
|
| 040 |
|
|
|a NYP
|c NYP
|d TXA
|d UtOrBLW
|
| 049 |
|
|
|a TXAM
|
| 090 |
|
|
|a F1230.D567
|b G7 1960
|
| 100 |
1 |
|
|a Grauer, Ben,
|d 1908-
|
| 245 |
1 |
0 |
|a How Bernal Diaz's "True history" was reborn /
|c [by] Ben Grauer.
|
| 264 |
|
3 |
|a New York :
|b Printed by Haddon Craftsmen,
|c 1955 [i.e 1960]
|
| 300 |
|
|
|a 229-248 pages :
|b illustrations ;
|c 26 cm.
|
| 336 |
|
|
|a text
|b txt
|2 rdacontent
|
| 337 |
|
|
|a unmediated
|b n
|2 rdamedia
|
| 338 |
|
|
|a volume
|b nc
|2 rdacarrier
|
| 500 |
|
|
|a The Cushing Library/Lowman/Bibliography and Books Arts copy is number 305 of 568 copies printed December, 1955, by the Haddon craftsmen, Camden, N.J.
|
| 500 |
|
|
|a The Cushing Library/Lowman/Bibliography and Books Arts copy is inscribed by the author.
|
| 500 |
|
|
|a "The cover label was hand printed by B.G. on his Between-hours Press."
|
| 500 |
|
|
|a "Prepared in late 1955," but not issued until November 1960.--cf. slip bound in.
|
| 500 |
|
|
|a "Reprinted from "Bouillabaise for bibliophiles"..." - title page verson.
|
| 580 |
|
|
|a The Cushing Library copy forms part of the Bibliography and Books Arts Section of the Al Lowman Printing Arts Collection and Research Archive.
|
| 600 |
1 |
4 |
|a Díaz del Castillo, Bernal,
|d 1496-1584.
|t Historia verdadera de la conquista de la Nueva España.
|
| 773 |
0 |
|
|t Al Lowman Printing Arts Collection and Research Archive.
|
| 948 |
|
|
|a cataloged
|b h
|c 2005/3/31
|d c
|e mjackson
|f 5:52:41 pm
|
| 994 |
|
|
|a C0
|b TXA
|
| 999 |
|
|
|a MARS
|
| 999 |
f |
f |
|s d32191b6-720a-3755-84da-929605fa7e27
|i 57601ec5-64e1-341e-87ff-c399be8132e9
|t 0
|
| 952 |
f |
f |
|p noncirc
|a Texas A&M University
|b College Station
|c Cushing Memorial Library & Archives
|d Cushing: Lowman (Does not check out)
|t 0
|e F1230.D567 G7 1960
|h Library of Congress classification
|i unmediated -- volume
|
| 998 |
f |
f |
|a F1230.D567 G7 1960
|t 0
|l Cushing: Lowman (Does not check out)
|